| 000 | 00428nam a2200157 a 4500 | ||
|---|---|---|---|
| 005 | 20140412111316.0 | ||
| 008 | 001214s19uu xx 00 eng d | ||
| 020 | _a0-394-86127-2 | ||
| 050 |
_aER _bAb1 1989 |
||
| 100 | _aJohnson, Audean | ||
| 245 |
_aA to Z look and see / _cby Audean Johnson. |
||
| 260 |
_aNew York : _bRandom House, _c1989. |
||
| 300 | _a1 v. (unp.) ; ill. | ||
| 650 | _aPicture Alphabets | ||
| 999 |
_c104225 _d104225 |
||